| 000 | 00488nam a22001697a 4500 | ||
|---|---|---|---|
| 003 | BD-DhUL | ||
| 005 | 20190808113335.0 | ||
| 008 | 190808s1965 pk ||||| |||| 00| 0 urd d | ||
| 040 |
_aBD-DhUL _cBD-DhUL |
||
| 082 |
_a954 _bAMU |
||
| 100 | 1 | _aامان اللہ خان | |
| 245 | 1 | 0 |
_aعرس اور میلے / _cامان اللہ خان |
| 260 |
_aلاھور : _bکتاب منزل، _c۔۱۹۵۹ |
||
| 300 |
_aص۔ ۲۹۹ ؛ _c۲۲ سم۔ |
||
| 650 | 4 | _aIndia - History | |
| 942 |
_2ddc _cBK |
||
| 999 |
_c249300 _d249300 |
||